00849nam a22002297a 4500003001100000005001700011008004100028020001600069040003900085041000800124082001500132100002200147245014200169260003700311300005600348490002900404650003600433650003800469942000700507952009000514999001500604LK-CoMWRAF20231206154832.0230927b1998 |||||||| |||| 00| 0 eng d a 0395765358 aLK-CoMWRAFdLK-CoMWRAFeLK-CoMWRAF aeng a635.9bELL aEllis, Barbara W. aTaylor's guide to growing North America's favorite plants:bproven perennials, annuals, flowering trees, shrubs, & vines for every garden aBoston:bHoughton Mifflin,c1998 ax, 342 p. : col. ill., map ; 29 cm.bIndex included aA Frances Tenenbaum book aPLANTS,ORNAMENTAL-United States aLandscape gardening-United States cBK 00104070aMAINbMAINd2023-09-27l0o635.9 ELLpRAF1512r2023-09-27w2023-09-27yBK c3701d3701